| 000 | 00767nam a22002177a 4500 | ||
|---|---|---|---|
| 999 |
_c2312 _d2312 |
||
| 003 | AR-CdUCM | ||
| 008 | 190304b ||||| |||| 00| 0 spa d | ||
| 040 |
_aMUNICIPALIDAD PROVINCIAL DEL CUSCO _cBIBLIOTECA MUNICIPAL DEL CUSCO |
||
| 041 | _heng | ||
| 082 |
_a301.1553 / _bG25 |
||
| 100 |
_aGardner, John W. _98343 |
||
| 245 | _aEl liderazgo / | ||
| 260 |
_aBuenos Aires : _bGrupo Editor Latinoamericano, _c1991. |
||
| 300 |
_a246 páginas ; _c20 cm. |
||
| 505 | _aIntroducción -- La naturaleza del liderazgo -- Las tareas del liderazgo -- El núcleo del tema: La interpretación de los lideres y de los electores -- Contextos... | ||
| 650 |
_aLiderazgo _93124 |
||
| 650 |
_aAuto-ayuda _98344 |
||
| 650 |
_aEstudio _94228 |
||
| 942 |
_2ddc _cLIBROS |
||
| 945 | _admma | ||